[Event "Mravinci-A"]
[Site "Mravinci"]
[Date "1995.??.??"]
[Round "?"]
[White "Horvath, Jozsef M"]
[Black "Roschina, Tatiana"]
[Result "1/2-1/2"]
[WhiteElo "2180"]
[BlackElo "2190"]

1.d4 Nf6 2.Nf3 e6 3.c4 b6 4.g3 Ba6 5.b3 d5 6.cxd5 exd5 7.Bg2 Bb4+ 8.Bd2 Bxd2+
9.Qxd2 O-O 10.Nc3 Re8 11.Ne5 Bb7 12.Rc1 c5 13.O-O Qe7 14.e3 Nc6 15.Nxc6 Bxc6
16.Rfd1 Red8 17.Rc2 Rac8 18.Qc1 Rc7 19.Ne2 c4 20.Nc3 b5 21.bxc4 bxc4 22.Re2 Qb4
23.f3 h6 24.e4 dxe4 25.fxe4 Qb6 26.Rb2 Qa5 27.e5 Bxg2 28.Kxg2 Nd5 29.Rb5 Qa6
30.Rxd5 Rxd5 31.Nxd5 Qc6 32.Qf4 Qxd5+ 33.Qf3 Qa5 34.d5 Qxa2+ 35.Kh3 Qb3 36.Qg4 c3
37.d6 c2 38.dxc7 cxd1=Q 39.c8=Q+ Kh7 40.Qcf5+ Kg8 41.Qc8+ Kh7 42.Qcf5+ Kg8
43.Qc8+  1/2-1/2

[Event "New York op"]
[Site "New York"]
[Date "1995.??.??"]
[Round "9"]
[White "Van der Sterren, Paul"]
[Black "Epishin, Vladimir"]
[Result "1/2-1/2"]
[WhiteElo "2560"]
[BlackElo "2635"]

1.d4 Nf6 2.c4 e6 3.Nf3 b6 4.g3 Ba6 5.b3 Bb4+ 6.Bd2 Be7 7.Bg2 d5 8.cxd5 exd5
9.O-O O-O 10.Nc3 Bb7 11.Qc2 Na6 12.Rfd1 Re8 13.Bf4 h6 14.a3 c6 15.Ne5 Nc7
16.e4 Ne6 17.Be3 Rc8 18.b4 dxe4 19.Nxe4 Nd5 20.Qb3 f6 21.Ng6 f5 22.Nc3 Bf6
23.Nxd5 cxd5 24.Qd3 Rc4 25.Ne5 Bxe5 26.dxe5 Re4 27.Bxe4 fxe4 28.Qb3 Kh8 29.Qb2 Re7
30.h4 Rd7 31.Bd4 Qe8 32.Qe2 Rf7 33.Qh5 Kh7 34.a4 g6 35.Qg4 h5 36.Qe2 Rf3
37.Be3 g5 38.hxg5 h4 39.gxh4 Qh5 40.Kf1 Qg4 41.Ke1 d4 42.Rxd4 Nxd4 43.Bxd4 e3
44.Bxe3 Qg1+ 45.Qf1 Rxe3+ 46.fxe3 Qxe3+ 47.Qe2 Qc3+ 48.Kf2 Qxa1 49.Qd3+ Kg7
50.Qd7+ Kg6 51.Qxb7 Qd4+ 52.Ke2 Qc4+ 53.Ke3 Qc3+ 54.Kf4 Qd2+ 55.Kf3 Qc3+
56.Ke4 Qc4+ 57.Ke3  1/2-1/2

[Event "Nikolaev zt"]
[Site "Nikolaev"]
[Date "1995.??.??"]
[Round "3"]
[White "Ovsejevitsch, Sergei"]
[Black "Lerner, Konstantin Z"]
[Result "0-1"]
[WhiteElo "2370"]
[BlackElo "2560"]

1.d4 Nf6 2.Nf3 e6 3.c4 b6 4.g3 Ba6 5.Qc2 c5 6.Bg2 Bb7 7.dxc5 bxc5 8.Nc3 Be7
9.O-O O-O 10.Bf4 Qb6 11.Rad1 Rd8 12.e4 d6 13.e5 dxe5 14.Rxd8+ Bxd8 15.Bxe5 Nbd7
16.Bf4 Bc6 17.Ng5 Bxg2 18.Kxg2 Qc6+ 19.f3 h6 20.Nge4 Nh5 21.Bc1 f5 22.Nf2 Bf6
23.Qe2 Bxc3 24.bxc3 Re8 25.Rd1 Nhf6 26.Qd3 Ne5 27.Qe2 Nf7 28.Qc2 Nd7 29.Qe2 g5
30.g4 Nde5 31.h3 Ng6 32.Nd3 Nh4+ 33.Kg3 e5 34.Re1 e4 35.f4 Rd8 36.Nb2 Qf6
37.Qe3 Ng6 38.fxg5 Qe5+ 39.Kg2 Nxg5 40.gxf5 Nh4+  0-1

[Event "Nikolaev zt"]
[Site "Nikolaev"]
[Date "1995.??.??"]
[Round "4"]
[White "Lerner, Konstantin Z"]
[Black "Romanishin, Oleg M"]
[Result "1/2-1/2"]
[WhiteElo "2560"]
[BlackElo "2595"]

1.d4 Nf6 2.c4 e6 3.Nf3 b6 4.g3 Ba6 5.b3 Bb7 6.Bg2 Bb4+ 7.Bd2 c5 8.O-O O-O
9.Bxb4 cxb4 10.Qd3 Be4 11.Qe3 Nc6 12.Nbd2 d5 13.Nxe4 Nxe4 14.a3 bxa3 15.Rxa3 Nb4
16.Rc1 a5 17.Ne5 Nf6 18.cxd5 Nfxd5 19.Qd2 Qe7 20.Raa1 Rfd8 21.Nc4 Rab8 22.Ne5  1/2-1/2

[Event "Nikolaev zt"]
[Site "Nikolaev"]
[Date "1995.??.??"]
[Round "11"]
[White "Novikov, Igor A"]
[Black "Romanishin, Oleg M"]
[Result "1/2-1/2"]
[WhiteElo "2590"]
[BlackElo "2595"]

1.d4 Nf6 2.c4 e6 3.Nf3 b6 4.g3 Ba6 5.b3 Bb7 6.Bg2 Bb4+ 7.Bd2 a5 8.O-O O-O
9.Bc3 d5 10.cxd5 Bxd5 11.Bb2 a4 12.bxa4 Nc6 13.a3 Ba5 14.Qd3 Be4 15.Qc4 Bd5
16.Qd3 Be4 17.Qc4 Bd5 18.Qd3  1/2-1/2

[Event "Novgorod op"]
[Site "Novgorod"]
[Date "1995.??.??"]
[Round "5"]
[White "Volkov, Sergey"]
[Black "Aseev, Konstantin N"]
[Result "0-1"]
[WhiteElo "2380"]
[BlackElo "2530"]

1.d4 Nf6 2.c4 e6 3.Nf3 b6 4.g3 Ba6 5.Qa4 Bb7 6.Bg2 c5 7.O-O cxd4 8.Nxd4 Bxg2
9.Kxg2 Qc8 10.Rd1 Qb7+ 11.f3 a6 12.Nc3 Be7 13.Bf4 O-O 14.Rd2 Rc8 15.Rad1 d6
16.Nc2 Ne8 17.Na3 Nd7 18.Qc2 b5 19.cxb5 d5 20.bxa6 Rxa6 21.Nab5 Nef6 22.Qb1 Rc5
23.Nd4 e5 24.Nb3 Rxc3 25.bxc3 exf4 26.gxf4 Qc7 27.Qd3 Ra8 28.e3 Nb6 29.Nd4 Nfd7
30.Ne2 Nc4 31.Kh1 Nxd2 32.Qxd5 Nb6 33.Qxd2 Nc4 34.Qd7 Qxd7 35.Rxd7 Bf8 36.e4 Rxa2
37.Nd4 g6 38.h4 Bh6 39.Rd8+ Kg7 40.Rd7 Kf8 41.Rd8+ Ke7 42.Nc6+ Kf6 43.e5+ Kf5
44.Rd4 Ne3 45.Ne7+ Ke6 46.Ng8 Nf5 47.Nxh6 Nxh6 48.Rd8 Nf5 49.Re8+ Kd7 50.Rh8 h5  0-1

[Event "Novgorod op"]
[Site "Novgorod"]
[Date "1995.??.??"]
[Round "7"]
[White "Pavlov, Aleksandr"]
[Black "Ionov, Sergey"]
[Result "0-1"]
[WhiteElo "2250"]
[BlackElo "2525"]

1.d4 Nf6 2.c4 e6 3.Nf3 b6 4.g3 Ba6 5.b3 d5 6.Bg2 Bb4+ 7.Bd2 Be7 8.Ne5 O-O
9.Bc3 Bb7 10.Nd2 c5 11.dxc5 Bxc5 12.O-O Qe7 13.e3 Rd8 14.Qc2 Na6 15.Rad1 Nb4
16.Qb1 a5 17.Bb2 Rac8 18.a3 Na6 19.Qa1 Bd6 20.cxd5 exd5 21.Nef3 Nc5 22.Nd4 Qd7
23.N2f3 Ba6 24.Ng5 Bxf1 25.Bxf1 Nce4 26.Bh3 Ng4 27.Nxe4 dxe4 28.Nb5 Qxb5
29.Bxg4 f5 30.a4 Qd7 31.Be5 fxg4 32.Rxd6 Qf7 33.Rxb6 Qf3 34.Bd4 Rc2 35.Qe1 Rdc8  0-1

[Event "Novgorod op"]
[Site "Novgorod"]
[Date "1995.??.??"]
[Round "9"]
[White "Volkov, Sergey"]
[Black "Tunik, Gennady"]
[Result "1-0"]
[WhiteElo "2380"]
[BlackElo "2530"]

1.d4 Nf6 2.c4 e6 3.Nf3 b6 4.g3 Ba6 5.Qa4 Bb7 6.Bg2 c5 7.O-O cxd4 8.Nxd4 Bxg2
9.Kxg2 Qc7 10.Rd1 Be7 11.f3 a6 12.Nc3 O-O 13.Ndb5 Qc5 14.Bf4 e5 15.Bg5 Rc8
16.Bxf6 Bxf6 17.Nd6 Rf8 18.Nde4 Qc6 19.Rd6 Qxa4 20.Nxf6+ gxf6 21.Nxa4 b5
22.Nb6 Ra7 23.Rxf6 Rc7 24.b3 Re8 25.Nd5 Rc5 26.Rb6 Kg7 27.Ne3 e4 28.f4 Rec8
29.cxb5 Rxb5 30.Rd6 Rc3 31.Kf2 Kf8 32.Rad1 Ra5 33.R1d2 Rc1 34.Nc4 Rh5 35.h4 a5
36.Rb6  1-0

[Event "Pamplona op"]
[Site "Pamplona"]
[Date "1995.??.??"]
[Round "?"]
[White "Danailov, Silvio"]
[Black "Komljenovic, Davor"]
[Result "1/2-1/2"]
[WhiteElo "2425"]
[BlackElo "2465"]

1.Nf3 Nf6 2.c4 e6 3.d4 b6 4.g3 Ba6 5.b3 Bb7 6.Bg2 Bb4+ 7.Bd2 Be7 8.O-O O-O
9.Nc3 d5 10.cxd5 exd5 11.Qc2 Na6  1/2-1/2

[Event "Pardubice op"]
[Site "Pardubice"]
[Date "1995.??.??"]
[Round "?"]
[White "Gavrilov, Alexei"]
[Black "Kiselev, Sergey"]
[Result "1/2-1/2"]
[WhiteElo "2405"]
[BlackElo "2505"]

1.d4 Nf6 2.c4 e6 3.Nf3 b6 4.g3 Ba6 5.b3 b5 6.Bg2 bxc4 7.Ne5 Bb4+ 8.Bd2 cxb3
9.axb3 Bxd2+ 10.Qxd2 d5 11.Nc3 O-O 12.O-O Qd6 13.Rfe1 c6 14.Ra5 Qb4 15.Rea1 Bb5
16.Qe3 a6 17.Nxb5 cxb5 18.h3 Ra7 19.Nd3 Qe7 20.Nc5 Nfd7 21.Rxb5 Nxc5 22.Rxc5 Qb7
23.Qd3 Nc6 24.e3 Nb4 25.Qc3 g6 26.Bf1 Kg7  1/2-1/2

[Event "Paris op"]
[Site "Paris"]
[Date "1995.??.??"]
[Round "?"]
[White "Barkhagen, Jonas"]
[Black "Shipov, Sergei"]
[Result "1/2-1/2"]
[WhiteElo "2400"]
[BlackElo "2510"]

1.d4 Nf6 2.c4 e6 3.Nf3 b6 4.g3 Ba6 5.Nbd2 Bb7 6.Bg2 d5 7.Ne5 Be7 8.cxd5 exd5
9.O-O O-O 10.Ndf3 c5 11.Bf4 Ne4 12.dxc5 bxc5 13.Nd2 f5 14.h4 Kh8 15.Rc1 Nc6  1/2-1/2

[Event "Paris op"]
[Site "Paris"]
[Date "1995.??.??"]
[Round "?"]
[White "Roeder, Mathias"]
[Black "Shipov, Sergei"]
[Result "1/2-1/2"]
[WhiteElo "2440"]
[BlackElo "2510"]

1.d4 Nf6 2.c4 e6 3.Nf3 b6 4.g3 Ba6 5.b3 d5 6.Bg2 Bb4+ 7.Bd2 Be7 8.cxd5 exd5
9.Nc3 O-O 10.O-O Bb7 11.Qc2 Na6 12.Rfd1 Re8 13.Qb2 Ne4 14.Ne5 Nxc3 15.Bxc3 c6
16.b4 Nc7 17.a4 f6 18.Nd3 Qd7 19.f3 Bf8 20.e4 dxe4 21.fxe4 Rad8 22.Nf4 c5
23.d5 cxb4 24.Bxb4 Bxb4 25.Qxb4 Na6 26.Qb2  1/2-1/2

[Event "Polanica Zdroj op"]
[Site "Polanica Zdroj"]
[Date "1995.??.??"]
[Round "6"]
[White "Hellsten, Johan"]
[Black "Bobras, Piotr"]
[Result "1-0"]
[WhiteElo "2430"]
[BlackElo "2300"]

1.d4 Nf6 2.c4 e6 3.Nf3 b6 4.g3 Ba6 5.b3 Bb4+ 6.Bd2 Be7 7.Nc3 O-O 8.Bg2 c6
9.Rc1 d5 10.Nb1 Nbd7 11.O-O Rc8 12.Re1 c5 13.cxd5 Nxd5 14.dxc5 Bxc5 15.a3 b5
16.b4 Be7 17.Rxc8 Qxc8 18.Bg5 N7f6 19.e4 Nb6 20.e5 Nfd5 21.Bxe7 Nxe7 22.Ng5 Nc4
23.Nd2 Nf5 24.Nxc4 bxc4 25.Qc2 Qd8 26.Ne4 Qd3 27.Qxd3 cxd3 28.Nc5 Bc4 29.Rd1 Rd8
30.Bf1 Nd4 31.Bxd3 Nf3+ 32.Kh1 Kf8 33.Be2 Rxd1+ 34.Bxd1 Nxe5 35.f4 Bd5+ 36.Kg1 Nc4
37.a4 Ke7 38.Kf2 Kd6 39.Be2 Nb2 40.a5 Bc4 41.Bh5 g6 42.Bf3 Bd5 43.Be2 Bc4
44.Ne4+ Kd5 45.Nf6+ Kc6 46.Nxh7 Kb5 47.Ng5 Kxb4 48.Nxf7 Kxa5 49.Ne5 Kb5 50.Nxc4 Nxc4
51.Bd3 a5 52.Bxg6 a4 53.Bb1 Kb4 54.Ba2 Na5 55.Bxe6 Nc4 56.f5 a3 57.Bxc4 Kxc4
58.f6 a2 59.f7 a1=Q 60.f8=Q Qh1 61.Qf4+ Kc5 62.g4 Qd1 63.g5 Qc2+ 64.Kg3 Qd3+
65.Kh4 Kb5 66.Kh5 Qh7+ 67.Kg4 Kc6 68.h4 Qd7+ 69.Kg3 Qa7 70.Qe4+ Kd6 71.g6 Qg1+
72.Kf4 Kd7 73.Kf5 Qc5+  1-0

[Event "Polanica Zdroj op"]
[Site "Polanica Zdroj"]
[Date "1995.??.??"]
[Round "10"]
[White "Hellsten, Johan"]
[Black "Staniszewski, Piotr"]
[Result "1/2-1/2"]
[WhiteElo "2430"]
[BlackElo "2405"]

1.d4 Nf6 2.c4 e6 3.Nf3 b6 4.g3 Ba6 5.b3 Bb4+ 6.Bd2 Be7 7.Bg2 c6 8.Bc3 d5
9.Nbd2 O-O 10.O-O Nbd7 11.Bb2 c5 12.Rc1 Rc8 13.Re1 dxc4 14.Nxc4 Bb7 15.Rc2 Be4
16.Rd2 cxd4 17.Rxd4 Qc7 18.Qa1 Rfd8 19.Rc1 Qb7 20.Rcd1 Bd5 21.Ne3 Be4 22.Rxe4 Nxe4
23.Nd2 Ndf6 24.Bxf6 Bxf6 25.Bxe4 Qa6 26.Qb1 Qxe2 27.Bf3 Qb5 28.Kg2 Bd4 29.Ndf1 g6
30.h4 h5 31.Bb7 Rc7 32.Qe4 Bf6 33.Rxd8+ Bxd8 34.Qf3 Qa5 35.a4 Qc3 36.Nc4 Qxf3+
37.Bxf3 a6 38.Ncd2 b5 39.Ne3 Rc3 40.axb5 axb5 41.Kf1 Bb6 42.Ke2 f5 43.Bb7 Kg7
44.Ba6 b4 45.Bc4 Kf6 46.Ng2 e5 47.Ne3 Bxe3 48.fxe3 e4 49.Bd5 Ke7 50.Bg8 Kf6
51.Bc4 Ke5 52.Bb5 Ke6 53.Ba6 Kf6 54.Bb7 Ke6 55.Ba8 Ke7 56.Bd5 Kf8  1/2-1/2

[Event "Reykjavik Olafsson"]
[Site "Reykjavik"]
[Date "1995.??.??"]
[Round "3"]
[White "Hjartarson, Johann"]
[Black "Stefansson, Hannes"]
[Result "0-1"]
[WhiteElo "2570"]
[BlackElo "2520"]

1.d4 Nf6 2.c4 e6 3.Nf3 b6 4.g3 Ba6 5.b3 d5 6.cxd5 exd5 7.Bg2 Bb4+ 8.Bd2 Bd6
9.Nc3 O-O 10.O-O Re8 11.Re1 Nbd7 12.Nh4 Bb7 13.Nf5 Bf8 14.Bg5 h6 15.Bf4 Rc8
16.a3 Ne4 17.Nxe4 dxe4 18.d5 Nf6 19.d6 Nd5 20.dxc7 Qf6 21.Bh3 Nxf4 22.gxf4 Rxc7
23.Rc1 Rxc1 24.Qxc1 e3 25.Nxe3 Qxf4 26.Bg2 Bxg2 27.Nxg2 Qxc1 28.Rxc1 Rxe2
29.Rc8 Rb2 30.b4 Rb1+  0-1

[Event "ISL-ch"]
[Site "Reykjavik"]
[Date "1995.??.??"]
[Round "4"]
[White "Karlsson, Agust S"]
[Black "Stefansson, Hannes"]
[Result "0-1"]
[WhiteElo "2315"]
[BlackElo "2520"]

1.d4 Nf6 2.c4 e6 3.Nf3 b6 4.g3 Ba6 5.b3 d5 6.Bg2 Bb4+ 7.Bd2 Bd6 8.cxd5 exd5
9.Nc3 O-O 10.O-O Nbd7 11.Nh4 Re8 12.Re1 Bb7 13.Nb5 Bf8 14.Bf4 c6 15.Nd6 Bxd6
16.Bxd6 Ne4 17.Ba3 Qf6 18.f3 Nc3 19.Qd3 Nxe2+ 20.Kf1 Qxd4  0-1

[Event "ROM-chT"]
[Site "ROM"]
[Date "1995.??.??"]
[Round "?"]
[White "Cosma, Ioan"]
[Black "Stoica, Valentin"]
[Result "1/2-1/2"]
[WhiteElo "2440"]
[BlackElo "2455"]

1.d4 Nf6 2.c4 e6 3.Nf3 b6 4.g3 Ba6 5.b3 Bb4+ 6.Bd2 Be7 7.Bg2 c6 8.Bc3 d5
9.Ne5 Nfd7 10.Nxd7 Nxd7 11.Nd2 Rc8 12.O-O O-O 13.e4 b5 14.Re1 bxc4 15.bxc4 dxc4
16.Qc2 Re8 17.Rad1 Bf8 18.a4 c5 19.d5 exd5 20.exd5 Rxe1+ 21.Rxe1 Nb6 22.Ba5 Qd7
23.Bxb6 axb6 24.Rb1 b5 25.axb5 Bxb5 26.Nxc4  1/2-1/2

[Event "San Luis Clarin GP"]
[Site "San Luis"]
[Date "1995.??.??"]
[Round "5"]
[White "Pereyra Arcija, Diego"]
[Black "Panno, Oscar"]
[Result "1/2-1/2"]
[WhiteElo "2290"]
[BlackElo "2530"]

1.d4 Nf6 2.Nf3 e6 3.c4 b6 4.g3 Ba6 5.b3 b5 6.cxb5 Bxb5 7.Bg2 c5 8.O-O Bc6
9.Ba3 Na6 10.Nbd2 Be7 11.dxc5 Nxc5 12.Rc1 Na6 13.Bxe7 Qxe7 14.Nc4 Bd5 15.Nh4 O-O
16.Bxd5 Nxd5 17.e4 Ndb4 18.a3 Nc6 19.b4 Nc7 20.Na5 Nb5 21.Qd3 Nxa5 22.Qxb5 Nc6
23.Qc5 Qxc5 24.Rxc5 Rfb8 25.Rd1 Rb7 26.Ng2 Kf8 27.Ne3 Ne7 28.e5 Rc8 29.Rdc1 Rc6
30.Rxc6 Nxc6 31.Rc5 Ke7 32.Nc4 f6 33.f4 a6 34.Na5 Nxa5 35.Rxa5 Rb6 36.Rc5 fxe5
37.fxe5 Rb5 38.Kf2  1/2-1/2

[Event "Schwaebisch Gmuend op"]
[Site "Schwaebisch Gmuend"]
[Date "1995.??.??"]
[Round "?"]
[White "Hasecic, Sabahudin"]
[Black "Bischoff, Klaus"]
[Result "0-1"]
[WhiteElo "2310"]
[BlackElo "2525"]

1.d4 Nf6 2.c4 e6 3.Nf3 b6 4.g3 Ba6 5.b3 Bb7 6.Bg2 Bb4+ 7.Bd2 a5 8.Nc3 O-O
9.Qc2 d5 10.cxd5 exd5 11.O-O Re8 12.Ne5 h6 13.Rad1 Na6 14.Qf5 Qe7 15.Rfe1 Rad8
16.Ng4 Ne4 17.Nxe4 dxe4 18.Rf1 Bc8 19.Bxb4 Nxb4 20.Qf4 Nd5  0-1

[Event "Siauliai"]
[Site "Siauliai"]
[Date "1995.??.??"]
[Round "2"]
[White "Labuckas, Aidas"]
[Black "Butnorius, Algimantas"]
[Result "0-1"]
[WhiteElo "2345"]
[BlackElo "2425"]

1.d4 Nf6 2.c4 e6 3.Nf3 b6 4.g3 Ba6 5.Qa4 Bb7 6.Bg2 c5 7.dxc5 Bxc5 8.O-O O-O
9.Nc3 Qe7 10.Qc2 Nc6 11.a3 a5 12.Rd1 Rfd8 13.b3 Rac8 14.e3 d5 15.cxd5 exd5
16.Bh3 d4 17.Bxc8 Rxc8 18.Na4 Ne5 19.Ne1 dxe3 20.Nxc5 Rxc5 21.Qe2 exf2+ 22.Qxf2 Neg4
23.Qb2 Ne4 24.Nd3 Rh5 25.Qe2 Rxh2 26.Qxg4 Rh1+ 27.Kxh1 Nf2+ 28.Kg1 Nxg4 29.Re1 Qd7
30.Bb2 Qc6  0-1

[Event "Asia-chT"]
[Site "Singapore"]
[Date "1995.??.??"]
[Round "4"]
[White "Ahmad, Nazir"]
[Black "Hsu Li Yang"]
[Result "0-1"]
[WhiteElo "2225"]
[BlackElo "2430"]

1.d4 Nf6 2.c4 e6 3.Nf3 b6 4.g3 Ba6 5.b3 Bb4+ 6.Bd2 Be7 7.Bg2 c6 8.O-O d5
9.Bc3 O-O 10.Nbd2 Nbd7 11.Re1 Bb7 12.e4 dxe4 13.Nxe4 c5 14.Ne5 cxd4 15.Qxd4 Bxe4
16.Bxe4 Bc5 17.Qd3 Nxe5 18.Bxe5 Qxd3 19.Bxd3 Ng4 20.Re2 Rad8 21.Rd1 Bxf2+
22.Rxf2 Nxe5 23.Be2 Rxd1+ 24.Bxd1 Rd8 25.Bc2 f5 26.Re2 Nf3+ 27.Kg2 Nd4 28.Rd2 Kf7  0-1

[Event "Asia-chT"]
[Site "Singapore"]
[Date "1995.??.??"]
[Round "4"]
[White "Barus, Cerdas"]
[Black "Nishimura, Hiroyuki"]
[Result "1/2-1/2"]
[WhiteElo "2410"]
[BlackElo "2285"]

1.d4 Nf6 2.c4 e6 3.Nf3 b6 4.g3 Ba6 5.b3 Bb4+ 6.Bd2 Be7 7.Bg2 c6 8.Bc3 d5
9.Ne5 Bb7 10.O-O Nbd7 11.Nd2 c5 12.cxd5 Nxd5 13.Bb2 cxd4 14.Bxd4 Nxe5 15.Bxe5 O-O
16.Rc1 Rc8 17.Rxc8 Qxc8 18.Qa1 Bf6 19.Nc4 Bxe5 20.Qxe5 Ba6 21.Bxd5 exd5 22.Qxd5 Rd8
23.Qe4 Re8 24.Qd3 Rd8 25.Qe4 Re8 26.Qd3 Rd8 27.Qc2 b5 28.Ne3 Qxc2 29.Nxc2 Rd2
30.Rc1 Rxe2 31.Re1 Rxe1+ 32.Nxe1 Bb7 33.f3  1/2-1/2

[Event "SLO-chT"]
[Site "?"]
[Date "1995.??.??"]
[Round "4"]
[White "Osmanbegovic, Suad"]
[Black "Jelen, Iztok"]
[Result "1/2-1/2"]
[WhiteElo "2305"]
[BlackElo "2415"]

1.d4 Nf6 2.c4 e6 3.Nf3 b6 4.g3 Ba6 5.b3 Bb4+ 6.Bd2 Bxd2+ 7.Nbxd2 d5 8.Bg2 O-O
9.O-O c5 10.dxc5 bxc5 11.Qc2 Qd6 12.e4 Nbd7 13.Rfe1 Nxe4 14.Nxe4 dxe4 15.Rad1 Qc7
16.Ng5 Bb7 17.Nxe4 Rad8 18.Ng5  1/2-1/2

[Event "Soest op"]
[Site "Soest"]
[Date "1995.??.??"]
[Round "7"]
[White "Belle, Erika"]
[Black "Happel, Hendrik A"]
[Result "1/2-1/2"]
[WhiteElo "2075"]
[BlackElo "2240"]

1.d4 Nf6 2.c4 e6 3.Nf3 b6 4.g3 Ba6 5.Qc2 Bb4+ 6.Bd2 Qe7 7.a3 Bxd2+ 8.Nbxd2 c6
9.Bg2 O-O 10.O-O d5 11.Ne5 Nfd7 12.Nxd7 Nxd7 13.e4 Rac8 14.Rfd1 dxc4 15.Nxc4 Bxc4
16.Qxc4 Rfd8 17.Rac1 Nf6 18.b4 h6 19.h3  1/2-1/2

[Event "ESP-chTa"]
[Site "Spain"]
[Date "1995.??.??"]
[Round "5"]
[White "Izeta Txabarri, Felix"]
[Black "Gomez Esteban, Juan Mario"]
[Result "0-1"]
[WhiteElo "2495"]
[BlackElo "2425"]

1.d4 Nf6 2.Nf3 e6 3.c4 b6 4.g3 Ba6 5.b3 Bb4+ 6.Bd2 Be7 7.Bg2 Bb7 8.Nc3 O-O
9.O-O d5 10.cxd5 exd5 11.Qc2 Na6 12.Rfd1 Qc8 13.Bf4 Rd8 14.Ng5 Qg4 15.a3 h6
16.Nf3 c5 17.Nh4 Qe6 18.Nf5 Bf8 19.Bh3 Qe8 20.Qb2 Nh5 21.Be3 Nc7 22.Rac1 Ne6
23.Bg2 Nf6 24.dxc5 bxc5 25.Na4 d4 26.Bxb7 Rab8 27.Bxd4 Nxd4 28.Nxd4 cxd4
29.Bc6 Qe5 30.b4 a5 31.b5 Ng4 32.h3 Nxf2 33.Kxf2 Qe3+ 34.Kf1 Bxa3 35.Qc2 Bxc1
36.Qxc1 Qxg3 37.Rd3 Qh4 38.Qc5 Qf4+ 39.Rf3 Qd2 40.Rd3 Qa2 41.Nb6 Qe6 42.Nd5 Kh8
43.Qxd4 Rd6 44.Qe3 Qf5+ 45.Qf3 Qg5 46.Qg3 Qc1+ 47.Qe1 Qg5 48.Rg3 Qf5+ 49.Rf3 Qe6
50.Nf4 Qc4 51.Nd3 f6 52.Qxa5 Qd4 53.Qb4 Qa1+ 54.Kf2 Rxc6 55.Qe4 Qa7+ 56.Kg2 Rcc8
57.Nf4 Re8 58.Qc4 Rbc8 59.Qb3 Qb7 60.Kf2 Rb8 61.Re3 Rxe3 62.Qxe3 Qxb5  0-1

[Event "Chigorin mem"]
[Site "St Petersburg"]
[Date "1995.??.??"]
[Round "1"]
[White "Iljushin, Alexei"]
[Black "Ionov, Sergey"]
[Result "0-1"]
[WhiteElo "2340"]
[BlackElo "2525"]

1.d4 Nf6 2.Nf3 e6 3.c4 b6 4.g3 Ba6 5.b3 d5 6.Bg2 Bb4+ 7.Bd2 Be7 8.O-O O-O
9.Bc3 c5 10.Ne5 Bb7 11.Nd2 Na6 12.e3 Qc7 13.Qe2 Rad8 14.Rfd1 Qb8 15.Rac1 cxd4
16.exd4 Nb4 17.Bxb4 Bxb4 18.Nf1 Bd6 19.f4 dxc4 20.bxc4 Qa8 21.Ne3 Bxg2 22.Qxg2 Qxg2+
23.Kxg2 Rc8 24.Kf3 Rfd8 25.g4 h6 26.h4 g5 27.hxg5 hxg5 28.fxg5 Bxe5 29.dxe5 Nd7
30.Kf4 Nc5 31.Rxd8+ Rxd8 32.Rd1 Nd3+ 33.Kg3 Kg7 34.g6 fxg6 35.g5 Rd7 36.Rf1 Nxe5
37.Rf6 Rd3 38.Kf4 Rxe3 39.Rxe6 Nxc4 40.Rxe3 Nxe3 41.Kxe3 Kf7  0-1

[Event "Stockholm"]
[Site "Stockholm"]
[Date "1995.??.??"]
[Round "4"]
[White "Engqvist, Thomas"]
[Black "Sammalvuo, Tapani"]
[Result "0-1"]
[WhiteElo "2405"]
[BlackElo "2310"]

1.d4 Nf6 2.Nf3 e6 3.c4 b6 4.g3 Ba6 5.b3 Bb4+ 6.Bd2 Be7 7.Bg2 c6 8.Bc3 d5
9.Ne5 Nfd7 10.Nxd7 Nxd7 11.Nd2 O-O 12.O-O Rc8 13.e4 c5 14.exd5 exd5 15.dxc5 dxc4
16.c6 cxb3 17.Re1 Bb5 18.Bxg7 Kxg7 19.cxd7 Qxd7 20.Nxb3 Bf6 21.Qxd7 Bxd7
22.Rad1 Bg4 23.Rc1 Be6 24.Bb7 Rxc1 25.Rxc1 a5 26.Rc2 a4 27.Nd2 Rd8 28.Bc6 Bf5
29.Be4 Be6 30.Bc6 Rd4 31.Ne4 Be7 32.Nc3 a3 33.Ba4 Bb4 34.Nb5 Rd1+ 35.Kg2 Ra1
36.Bb3 Bxb3 37.axb3 Rb1 38.Nd4 Bc5 39.Ne2 Rxb3  0-1

[Event "Stockholm"]
[Site "Stockholm"]
[Date "1995.??.??"]
[Round "11"]
[White "Bator, Robert"]
[Black "Sammalvuo, Tapani"]
[Result "1/2-1/2"]
[WhiteElo "2425"]
[BlackElo "2310"]

1.d4 Nf6 2.c4 e6 3.Nf3 b6 4.g3 Ba6 5.Nbd2 Bb7 6.Bg2 c5 7.dxc5 Bxc5 8.O-O O-O
9.Nb3 Be7 10.Bf4 d5 11.Ne5 Nbd7 12.Nxd7 Qxd7 13.cxd5 Bxd5 14.e4 Bb7 15.Qxd7 Nxd7
16.Rfd1 Nf6 17.Bg5 Rfd8 18.e5 Bxg2 19.Kxg2 Nd5 20.Bxe7 Nxe7 21.Kf3 Kf8 22.Rxd8+ Rxd8
23.Rc1 Ke8 24.Ke4 Rc8 25.Rxc8+ Nxc8 26.f4 h5 27.Nd4 g6 28.h3 Kd7 29.g4 hxg4
30.hxg4 Ne7 31.Nb5 Nc6 32.a3 a6 33.Nc3 Na5 34.b4 Nb7 35.f5 gxf5+ 36.gxf5 exf5+
37.Kxf5 Nd8 38.Kf6 b5 39.Ne4 Kc6 40.Nc3 Kb6 41.Nd5+ Kb7 42.Ne7 a5 43.Nf5 axb4
44.Nd6+ Kc7 45.axb4 Nc6 46.Nxb5+ Kd7 47.Na3 Nxb4 48.Kxf7 Nc6 49.e6+ Kc7 50.Kf6 Kd8
51.Kf7 Ne5+ 52.Kf6 Nc6 53.Nb5 Ke8 54.Nd6+ Kf8 55.Nf5 Ke8 56.Nd6+ Kf8 57.Nb5 Ke8
58.Nc7+ Kd8 59.Nd5 Ke8 60.Kg5 Nd4  1/2-1/2

[Event "SVK-chT"]
[Site "?"]
[Date "1995.??.??"]
[Round "?"]
[White "Horvath, Mario"]
[Black "Stohl, Igor"]
[Result "0-1"]
[WhiteElo "2270"]
[BlackElo "2530"]

1.d4 Nf6 2.c4 e6 3.Nf3 b6 4.g3 Ba6 5.b3 b5 6.cxb5 Bxb5 7.Bg2 a5 8.O-O Bc6
9.Nc3 Bb4 10.Qc2 O-O 11.Ne5 Bxg2 12.Kxg2 Qc8 13.Bb2 Qb7+ 14.f3 Nc6 15.Nxc6 Qxc6
16.Rac1 Qb7 17.Na4 Nd5 18.Qd3 Be7 19.Bc3 f5 20.Bd2 f4 21.Nc5 Bxc5 22.Rxc5 a4
23.Rb1 axb3 24.Rxb3 Qa6 25.Qxa6 Rxa6 26.Rb2 g5 27.Kf2 Ra4 28.Bc1 Rxd4 29.Ra5 Rd1
30.Bd2 h6 31.Ra7 c5 32.Rxd7 Ne3  0-1

[Event "SWZ-chT"]
[Site "SWZ"]
[Date "1995.??.??"]
[Round "9"]
[White "Gavrikov, Viktor"]
[Black "Kortschnoj, Viktor"]
[Result "1/2-1/2"]
[WhiteElo "2605"]
[BlackElo "2635"]

1.d4 Nf6 2.c4 e6 3.Nf3 b6 4.g3 Ba6 5.b3 Bb7 6.Bg2 Bb4+ 7.Bd2 c5 8.O-O O-O
9.Bxb4 cxb4 10.Qd3 d5 11.Ne5 Nbd7 12.Nxd7 Qxd7 13.Nd2 Rfd8 14.Rfd1 dxc4 15.Nxc4  1/2-1/2

[Event "SWZ-chT"]
[Site "SWZ"]
[Date "1995.??.??"]
[Round "9"]
[White "Almada, Enrique"]
[Black "Huss, Andreas"]
[Result "1/2-1/2"]
[WhiteElo "2295"]
[BlackElo "2405"]

1.d4 e6 2.c4 Nf6 3.Nf3 b6 4.g3 Ba6 5.Qc2 c5 6.e4 cxd4 7.Nxd4 Bb7 8.Bg2 Nc6
9.Nxc6 Bxc6 10.O-O Qc7 11.Nc3 Be7 12.Re1 d6 13.Nd5 Bxd5 14.exd5 e5 15.Qa4+ Qd7
16.Qxd7+ Nxd7 17.f4 Bf6 18.Bd2 Kd8 19.Rab1 exf4 20.Bxf4 Kc7 21.Bh3 Rhe8 22.Bxd7 Kxd7
23.b3 Bc3 24.Rxe8 Rxe8 25.Kf2 f5 26.Rc1 Bd4+ 27.Kf3 a5 28.Rd1 Bc5 29.a4 h5
30.Bg5 Re4 31.Rd2 Re1  1/2-1/2

[Event "Tastrup"]
[Site "Tastrup"]
[Date "1995.??.??"]
[Round "8"]
[White "Jakobsen, Ole"]
[Black "Jakobsen, Peter"]
[Result "1-0"]
[WhiteElo "2380"]
[BlackElo "2250"]

1.d4 Nf6 2.c4 e6 3.Nf3 b6 4.g3 Ba6 5.Qb3 c6 6.Bg2 d5 7.Nbd2 Be7 8.O-O O-O
9.Re1 Nbd7 10.e4 Bb7 11.cxd5 cxd5 12.e5 Ne8 13.Nf1 Nb8 14.h4 Nc6 15.Bg5 Rc8
16.Rac1 h6 17.Bf4 Nc7 18.N1h2 Qd7 19.Qe3 Ba6 20.Bf1 Bxf1 21.Rxf1 Na5 22.Ng4 Nc4
23.Qe2 Qb5 24.Rc2 a5 25.Rfc1 Qd7 26.Nxh6+ gxh6 27.Bxh6 Rfd8 28.Ng5 Ne8 29.Qd3 f5
30.exf6 Bxf6 31.Qg6+ Bg7 32.Qh7+ Kf8 33.Bxg7+ Nxg7 34.Qh8+ Ke7 35.Qxg7+ Kd6
36.Nf7+ Kc7 37.b3 Rg8 38.Qe5+ Kb7 39.bxc4 Qxf7 40.c5 b5 41.c6+ Ka7 42.Rc5  1-0

[Event "Tel Aviv ASA"]
[Site "Tel Aviv"]
[Date "1995.??.??"]
[Round "7"]
[White "Bykhovsky, Anatoly A"]
[Black "Gofshtein, Leonid D"]
[Result "1-0"]
[WhiteElo "2420"]
[BlackElo "2465"]

1.d4 Nf6 2.c4 e6 3.Nf3 b6 4.g3 Ba6 5.b3 d5 6.Bg2 dxc4 7.Ne5 Bb4+ 8.Kf1 c6
9.bxc4 O-O 10.Bb2 Bd6 11.Nd2 Qc7 12.Qc2 Bb7 13.Nd3 c5 14.dxc5 Bxg2+ 15.Kxg2 Bxc5
16.Bxf6 gxf6 17.Nxc5 Qxc5 18.Rhd1 Nc6 19.Ne4 Qf5 20.f3 Rfd8 21.Qc3 e5 22.Rd5 Nd4
23.Qxd4  1-0

[Event "Ter Apel"]
[Site "Ter Apel"]
[Date "1995.??.??"]
[Round "2"]
[White "Epishin, Vladimir"]
[Black "Dautov, Rustem"]
[Result "1/2-1/2"]
[WhiteElo "2635"]
[BlackElo "2625"]

1.d4 Nf6 2.c4 e6 3.Nf3 b6 4.g3 Ba6 5.b3 Bb4+ 6.Bd2 Be7 7.Bg2 c6 8.Bc3 d5
9.Ne5 Ne4 10.O-O Nxc3 11.Nxc3 O-O 12.Re1 Bb7 13.e4 dxc4 14.Nxc4 b5 15.Ne5 Nd7
16.Nf3 Qa5 17.Qc2 b4 18.Na4 c5 19.d5 exd5 20.exd5 Bf6 21.Rad1 Rae8 22.d6 Qb5
23.Nb2 Bxf3 24.Bxf3 Bd4 25.Nc4 Nb6 26.Re7 Nxc4 27.bxc4 Qb6 28.Rde1 Rd8 29.Bd5 Qxd6
30.Rxa7 Rd7 31.Qa4 Rxa7 32.Qxa7 Qf6 33.Re2 g6 34.Kg2 h5 35.h4 Qf5 36.Qe7 Qf6
37.Qd7 Kg7  1/2-1/2

[Event "JUG-chT"]
[Site "Tivat"]
[Date "1995.??.??"]
[Round "2"]
[White "Shneider, Aleksandr"]
[Black "Sokolov, Andrei"]
[Result "1/2-1/2"]
[WhiteElo "2530"]
[BlackElo "2585"]

1.d4 Nf6 2.c4 e6 3.Nf3 b6 4.g3 Ba6 5.b3 Bb4+ 6.Bd2 Be7 7.Bg2 d5 8.cxd5 Nxd5
9.Nc3 O-O 10.Nxd5 exd5 11.O-O Nd7 12.Rc1 c5 13.Be3 Re8 14.Re1 Bb7 15.Rc2 a5
16.a4 h6 17.Bh3 cxd4 18.Nxd4 Bb4 19.Rf1 Bc5 20.Bc1 Nf6 21.Bb2 Ne4 22.e3 Bc8
23.Bg2 Ng5 24.Nf3 Ne4 25.Nd4 Ng5 26.Nf3 Ne4 27.Nd4  1/2-1/2